| 000 | 00838nam a22002297a 4500 | ||
|---|---|---|---|
| 010 | _aENG-115012 | ||
| 020 |
_a9788120351837 _c795.00 |
||
| 035 | _aEN-98544 | ||
| 037 | _bDBAD/PUB | ||
| 082 | _a621.382011 | ||
| 100 | _aGroote, Jan Friso | ||
| 245 |
_aModeling and analysis of communicating systems / _cby Jan Friso Groote [and] Mohammad Reza Mousavi |
||
| 260 |
_aDelhi _bPHI Learning _c2016 |
||
| 270 |
_aRimjhim House, 111, Patparganj Industrial Estate, _bDelhi _e110092 |
||
| 300 |
_axvi,376p. : _bill. _c27cm(pbk) |
||
| 500 | _aIncludes bibliographical references (pages 359-372) and index. | ||
| 650 |
_a Telecommunication systems _xSimulation methods. |
||
| 650 |
_a Computer science _xMathematics. |
||
| 650 | _aMachine theory. | ||
| 700 | _aMousavi, Mohammad Reza | ||
| 942 |
_2ddc _cEN _mGRO _h621.382011 |
||
| 999 |
_c99334 _d99334 |
||